đŸŽ¶ Paroles "La langue de chez nous" Yves Duteil - Statistiques

Statistiques générales
  • Ce quiz a Ă©tĂ© pris 36 fois
  • Le rĂ©sultat moyen est 292 sur 369
Statistiques - réponses
Mots % Correct
Ă 
100%
a
100%
C'
100%
Contrescarpe
100%
d'
100%
de
100%
est
100%
et
100%
Et
100%
l'
100%
la
100%
lĂ -
100%
langue
100%
le
100%
Le
100%
Mont-Saint-Michel
100%
on
100%
On
100%
Orléans
100%
par-
100%
Provence
100%
qu'
100%
s'
100%
un
100%
une
100%
Une
100%
belle
96%
ce
96%
En
96%
en
96%
il
96%
les
96%
Les
96%
que
96%
Qui
96%
qui
96%
au
92%
dans
92%
Dans
92%
des
92%
parle
92%
chez
88%
du
88%
Elle
88%
France
88%
nous
88%
Nous
88%
son
88%
cette
83%
jusqu'
83%
pays
83%
pour
83%
Pour
83%
ses
83%
Atlantique
79%
chanter
79%
comme
79%
parler
79%
toute
79%
autre
75%
aux
75%
dirait
75%
harpe
75%
mots
75%
OĂč
75%
pris
75%
vent
75%
y
75%
accents
71%
avec
71%
bas
71%
bout
71%
dessus
71%
gens
71%
composé
67%
écoutant
67%
encore
67%
harmonie
67%
si
67%
symphonie
67%
toutes
67%
Ăźle
63%
monde
63%
sait
63%
bien
58%
continent
58%
eau
58%
mais
58%
neige
58%
superbes
58%
travers
58%
aussi
54%
défendre
54%
dire
54%
Elles
54%
harmonies
54%
hirondelle
54%
ponts
54%
saveur
54%
sur
54%
fait
50%
faut
50%
histoire
50%
jeté
50%
jusque
50%
mĂȘme
50%
nord
50%
parfum
50%
paroles
50%
partout
50%
porte
50%
printemps
50%
terroir
50%
froment
46%
gardé
46%
musique
46%
pain
46%
chĂšvre
42%
choses
42%
comprendre
42%
couleurs
42%
fleuves
42%
fromage
42%
musiques
42%
nid
42%
peines
42%
revient
42%
riviĂšres
42%
roseaux
42%
torrents
42%
vivre
42%
abord
38%
boit
38%
bord
38%
cours
38%
déjà
38%
espoirs
38%
face
38%
Parfois
38%
pouvoir
38%
ressemblent
38%
sent
38%
sommet
38%
tonnerre
38%
volcan
38%
bulle
33%
charrient
33%
commence
33%
fĂȘte
33%
glaces
33%
infinies
33%
manquaient
33%
méandres,
33%
parlant
33%
quitté
33%
richesses
33%
Sertie
33%
soufflent
33%
vents
33%
voix
33%
Enfermée
29%
étau
29%
féconde
29%
force
29%
herbes
29%
imposer
29%
pourtant
29%
répondent
29%
trésors
29%
collĂšges
25%
pierres
25%
ruisseaux
25%
offre
21%
polissant
21%
Aucun quiz correspondant
Distribution des résultats
% des personnes avec chaque résultat
Percentile par nombre de réponses
Votre historique - résultats
Vous n’avez pas pris ce quiz